Medical power and social knowledge /

Bibliographic Details
Main Author: Turner, Bryan S. (Bryan Stanley), 1945-
Format: Book
Language:English
Published: London ; Beverly Hills : Sage, 1987.
Subjects:

MARC

Tag First Indicator Second Indicator Subfields
LEADER 00000cam a2200000 a 4500
001 in00000029150
005 20151007060110.0
008 870930s1987 enka b 00110 eng d
010 |a gb 87026989  
015 |a GB87-26989 
020 |a 0803980876 (cased) :  |c £25.00 : CIP confirmed 
020 |a 0803980884 (pbk) :  |c £7.95 
035 |a (OCoLC)16093416 
035 |9 AAC0070AM 
040 |a UKM  |c UKM  |d TXA  |d UtOrBLW 
049 |a TXAM  |c [A11688999] 
050 1 0 |a RA418 
050 4 |a RA418  |b .T87 1987 
082 0 |a 362.1/042  |2 19 
100 1 |a Turner, Bryan S.  |q (Bryan Stanley),  |d 1945- 
245 1 0 |a Medical power and social knowledge /  |c Bryan S. Turner. 
264 1 |a London ;  |a Beverly Hills :  |b Sage,  |c 1987. 
300 |a 256 pages :  |b illustrations ;  |c 22 cm. 
336 |a text  |b txt  |2 rdacontent 
337 |a unmediated  |b n  |2 rdamedia 
338 |a volume  |b nc  |2 rdacarrier 
504 |a Bibliography: pages [227]-246. 
500 |a Includes index. 
650 0 |a Social medicine. 
653 |a Medical sociology 
999 |a MARS 
999 f f |s 23ee4bf5-f4af-3fa3-b66b-07895ea1bb7d  |i 9411948b-ef23-3631-8788-1f879e12233e  |t 0 
952 f f |p ric  |a Texas A&M University  |b Rellis Campus  |c Joint Library Facility  |d Remote Storage  |t 0  |e RA418 .T87 1987  |h Library of Congress classification  |i unmediated -- volume  |m A14811688999 
998 f f |a RA418 .T87 1987  |t 0  |l Remote Storage